[Event "IECC O-2465"]
[Site "IECC email"]
[Date "2006.10.19"]
[Round "?"]
[White "Richard, Andy"]
[Black "Kahn, Desmond"]
[Result "1-0"]
[WhiteElo "1052"]
[BlackElo "1000"]
[PlyCount "81"]
[EventDate "2006.??.??"]
[EventType "swiss (corr)"]
[EventRounds "2"]
[SourceTitle "Corr 2020"]
[Source "ChessBase"]
[SourceDate "2019.09.30"]
[SourceVersion "1"]
[SourceVersionDate "2019.09.30"]
[SourceQuality "1"]
[WhiteTeam "Canada"]
[BlackTeam "United States"]
[WhiteTeamCountry "CAN"]
[BlackTeamCountry "USA"]

1. e4 e5 2. Nf3 Nc6 3. d4 exd4 4. Nxd4 Nf6 5. Nxc6 bxc6 6. e5 Qe7 7. Qe2 Nd5 8. c4 Ba6 9. b3 d6 10. exd6 cxd6 11. Qxe7+ Bxe7 12. Bb2 Nf6 13. Be2 0-0 14. 0-0 d5 15. Nd2 Bc5 16. Bf3 Rfe8 17. Bxf6 gxf6 18. Rfe1 Rad8 19. Rxe8+ Rxe8 20. cxd5 cxd5 21. Bxd5 Rd8 22. Ne4 f5 23. Nxc5 Rxd5 24. Nxa6 Rd6 25. Nb4 a5 26. Nc2 Ra6 27. g3 a4 28. bxa4 Rxa4 29. a3 Kg7 30. Kg2 Kg6 31. f4 h5 32. Kf3 f6 33. h4 Kh6 34. Ne3 Kg6 35. Nd5 Kf7 36. Nc3 Ra5 37. a4 Ke6 38. Ke3 Kd6 39. Kd4 Kc6 40. Kc4 Kb6 41. Nd5+ 1-0